[Event "GER-chA Seniors 29th"]
[Site "Berlin"]
[Date "2017.08.07"]
[Round "3"]
[White "Eichner, Christian"]
[Black "Keil, Uwe"]
[Result "1-0"]
[WhiteElo "2051"]
[BlackElo "2119"]
[PlyCount "121"]
[EventDate "2017.08.07"]
[EventType "swiss"]
[EventRounds "9"]
[EventCountry "GER"]
[SourceTitle "EXT 2019"]
[Source "ChessBase"]
[SourceDate "2018.10.10"]
[SourceVersion "1"]
[SourceVersionDate "2018.10.10"]
[SourceQuality "1"]

1. e4 d6 2. d4 g6 3. Nc3 Bg7 4. f4 Nc6 5. Be3 Nf6 6. Nf3 Ng4 7. Bg1 0-0 8. h3 Nf6 9. d5 Nb8 10. Qd2 a6 11. 0-0-0 c5 12. e5 Ne8 13. Kb1 Nd7 14. Bh2 b5 15. Ne4 Nb6 16. Qe1 c4 17. Bg1 Rb8 18. Qa5 Bf5 19. Nd4 Bxe4 20. Nc6 Qc7 21. Nxb8 Qxb8 22. Bxb6 dxe5 23. d6 Nxd6 24. fxe5 Bxe5 25. Bd4 Bf4 26. Qxa6 Bb7 27. Qb6 Qa8 28. Rg1 Qa4 29. Qa7 Qxa7 30. Bxa7 Bh2 31. Rh1 Bg3 32. Be2 Ra8 33. Bb6 Ra6 34. Bc5 Be4 35. Rhf1 f5 36. Bf3 Bxf3 37. Rxf3 f4 38. Ra3 Rxa3 39. Bxa3 Nf5 40. Rd5 Ne3 41. Rxb5 Nxg2 42. Bxe7 f3 43. Bc5 f2 44. Rb8+ Kg7 45. Rf8 Ne3 46. a4 Nf5 47. Bxf2 Kxf8 48. Bxg3 Ke8 49. Bf2 Kd7 50. b4 cxb3 51. cxb3 g5 52. Kc2 Kc6 53. Kd3 h5 54. Ke4 Nd6+ 55. Ke5 g4 56. h4 Nf7+ 57. Kf6 Nd6 58. Kg6 Ne4 59. Be1 g3 60. Bxg3 Nxg3 61. b4 1-0

[Event "Berlin Lichtenberger op 9th"]
[Site "Berlin"]
[Date "2010.08.15"]
[Round "9"]
[White "Kalinitschew, Sergey"]
[Black "Keil, Uwe"]
[Result "1-0"]
[WhiteElo "2462"]
[BlackElo "2151"]
[PlyCount "47"]
[EventDate "2010.08.07"]
[EventType "swiss"]
[EventRounds "9"]
[EventCountry "GER"]
[SourceTitle "CBM 137 Extra"]
[Source "ChessBase"]
[SourceDate "2010.09.01"]
[SourceVersion "1"]
[SourceVersionDate "2010.09.01"]
[SourceQuality "1"]

1. d4 Nf6 2. Nf3 e6 3. c4 c5 4. d5 exd5 5. cxd5 d6 6. e4 g6 7. Bd3 Bg7 8. 0-0 0-0 9. Nbd2 Re8 10. Re1 a6 11. a4 Bg4 12. Qb3 Qc7 13. h3 Bxf3 14. Nxf3 Nbd7 15. Bf4 Nh5 16. Bh2 Ne5 17. Be2 Rab8 18. Nxe5 Bxe5 19. Bxh5 Bxh2+ 20. Kxh2 gxh5 21. Qf3 Re5 22. Qg3+ Kh8 23. f4 Rg8 24. Qe3 1-0

[Event "Berlin Lichtenberger op 9th"]
[Site "Berlin"]
[Date "2010.08.13"]
[Round "7"]
[White "Keil, Uwe"]
[Black "Schilke, Michael"]
[Result "1/2-1/2"]
[WhiteElo "2151"]
[BlackElo "1954"]
[PlyCount "94"]
[EventDate "2010.08.07"]
[EventType "swiss"]
[EventRounds "9"]
[EventCountry "GER"]
[SourceTitle "CBM 137 Extra"]
[Source "ChessBase"]
[SourceDate "2010.09.01"]
[SourceVersion "1"]
[SourceVersionDate "2010.09.01"]
[SourceQuality "1"]

1. d4 d5 2. Nf3 Nc6 3. g3 Bg4 4. Bg2 e6 5. 0-0 Nf6 6. h3 Bh5 7. c4 Bd6 8. Nc3 0-0 9. c5 Be7 10. Bf4 Ne4 11. Qb3 Bxf3 12. Bxf3 Nxd4 13. Qxb7 Nxc5 14. Qxc7 Nxf3+ 15. exf3 Qxc7 16. Bxc7 Rfc8 17. Be5 Nd3 18. f4 Bf6 19. Bxf6 gxf6 20. Rab1 Rab8 21. Nd1 Rc2 22. a4 a5 23. f5 d4 24. f4 e5 25. Nf2 Nxf2 26. Rxf2 Rxf2 27. Kxf2 Rb3 28. h4 h5 29. Rc1 Rxb2+ 30. Kf3 exf4 31. Rc8+ Kg7 32. Rc5 fxg3 33. Kxg3 d3 34. Rxa5 d2 35. Rd5 Ra2 36. Rd4 Ra3+ 37. Kg2 Rxa4 38. Rxd2 Rxh4 39. Kf3 Rg4 40. Rd6 Rg1 41. Ra6 Rf1+ 42. Ke4 h4 43. Rb6 Rg1 44. Kf4 Rg5 45. Rb3 Kh6 46. Rb6 Kg7 47. Rb3 Kh6 1/2-1/2

[Event "Berlin Lichtenberger op 9th"]
[Site "Berlin"]
[Date "2010.08.11"]
[Round "6"]
[White "Buraczynski, Radoslaw"]
[Black "Keil, Uwe"]
[Result "0-1"]
[WhiteElo "1789"]
[BlackElo "2151"]
[PlyCount "166"]
[EventDate "2010.08.07"]
[EventType "swiss"]
[EventRounds "9"]
[EventCountry "GER"]
[SourceTitle "CBM 137 Extra"]
[Source "ChessBase"]
[SourceDate "2010.09.01"]
[SourceVersion "1"]
[SourceVersionDate "2010.09.01"]
[SourceQuality "1"]

1. e4 g6 2. d4 Bg7 3. Nf3 d6 4. c3 Nf6 5. Bd3 0-0 6. 0-0 Bg4 7. h3 Bxf3 8. Qxf3 e5 9. d5 Nbd7 10. b4 a5 11. Be3 axb4 12. cxb4 Nxd5 13. Bd2 Nf4 14. Bc4 Qf6 15. Nc3 c6 16. Bb3 Rfd8 17. Rac1 Nf8 18. b5 N8e6 19. Ne2 Nxe2+ 20. Qxe2 Nd4 21. Qd3 c5 22. Bd5 Rd7 23. f4 Qh4 24. Be1 Qh5 25. g4 Qh6 26. Bd2 Qh4 27. Kg2 exf4 28. Bxf4 Be5 29. Bxe5 dxe5 30. Rf2 Ne6 31. Qg3 Qxg3+ 32. Kxg3 Ra3+ 33. Rf3 Rxf3+ 34. Kxf3 Nd4+ 35. Ke3 b6 36. a4 Ra7 37. Rf1 Nc2+ 38. Kd2 Nb4 39. Rf6 Rxa4 40. Rxb6 Kg7 41. Bb3 Ra7 42. Rd6 Rb7 43. b6 Kf8 44. g5 Ke8 45. Kc3 Na6 46. Bd5 Rb8 47. Rf6 Rd8 48. Kc4 Nb8 49. Bxf7+ Ke7 50. Bd5 Nd7 51. Re6+ Kf8 52. b7 Rb8 53. Rc6 Ke7 54. Rc8 Nb6+ 55. Kxc5 Nxc8 56. Kc6 Kd8 57. bxc8Q+ Rxc8+ 58. Kd6 Rc3 59. Be6 Rg3 60. Bg4 Rd3+ 61. Kxe5 Ke7 62. h4 Rg3 63. Kf4 Ra3 64. h5 gxh5 65. Bxh5 Ra8 66. g6 h6 67. Kf5 Rf8+ 68. Ke5 Rf2 69. Kd4 Rh2 70. Bg4 Rg2 71. Bf5 h5 72. Ke5 h4 73. Kf4 Kf6 74. e5+ Kg7 75. e6 Kf6 76. Be4 Rg1 77. Kf3 Kxe6 78. Kf2 Rg5 79. Kf1 Ke5 80. Bb7 Rxg6 81. Bc8 Kf4 82. Kf2 Rg3 83. Bd7 h3 0-1

[Event "Berlin Lichtenberger op 9th"]
[Site "Berlin"]
[Date "2010.08.10"]
[Round "4"]
[White "Schmalzried, Volker"]
[Black "Keil, Uwe"]
[Result "0-1"]
[WhiteElo "1853"]
[BlackElo "2151"]
[PlyCount "62"]
[EventDate "2010.08.07"]
[EventType "swiss"]
[EventRounds "9"]
[EventCountry "GER"]
[SourceTitle "CBM 137 Extra"]
[Source "ChessBase"]
[SourceDate "2010.09.01"]
[SourceVersion "1"]
[SourceVersionDate "2010.09.01"]
[SourceQuality "1"]

1. c4 e5 2. Nc3 Nc6 3. g3 g6 4. Bg2 Bg7 5. e3 d6 6. Nge2 Nge7 7. 0-0 0-0 8. Rb1 Be6 9. d3 Qd7 10. b4 Bh3 11. Bd2 Bxg2 12. Kxg2 d5 13. c5 d4 14. Ne4 Nf5 15. b5 Nce7 16. exd4 Nxd4 17. Nxd4 exd4 18. a4 Kh8 19. Re1 Nd5 20. Qc1 c6 21. Bh6 f5 22. Bxg7+ Qxg7 23. Ng5 Rfe8 24. Qc4 f4 25. Ne6 Qf6 26. Nxd4 g5 27. Nc2 Qf5 28. h3 g4 29. hxg4 Qxg4 30. Rh1 Re2 31. Rbf1 Qxg3# 0-1

[Event "Berlin Lichtenberger op 9th"]
[Site "Berlin"]
[Date "2010.08.09"]
[Round "3"]
[White "Keil, Uwe"]
[Black "Koepke, Christian"]
[Result "0-1"]
[WhiteElo "2151"]
[BlackElo "2381"]
[PlyCount "70"]
[EventDate "2010.08.07"]
[EventType "swiss"]
[EventRounds "9"]
[EventCountry "GER"]
[SourceTitle "CBM 137 Extra"]
[Source "ChessBase"]
[SourceDate "2010.09.01"]
[SourceVersion "1"]
[SourceVersionDate "2010.09.01"]
[SourceQuality "1"]

1. e4 c5 2. Nf3 g6 3. d4 cxd4 4. Qxd4 Nf6 5. e5 Nc6 6. Qa4 Nd5 7. Qe4 Ndb4 8. Bd3 d5 9. Qe2 Bg4 10. Bb5 a6 11. Bxc6+ Nxc6 12. Nc3 Bg7 13. Bf4 d4 14. Nb1 Bxf3 15. Qxf3 0-0 16. 0-0 Qb6 17. Na3 Nxe5 18. Qg3 Nc6 19. Bc7 Qc5 20. Qb3 b5 21. Bg3 Na5 22. Qd3 b4 23. Nb1 Nc4 24. b3 Nb2 25. Qe2 d3 26. cxd3 Nxd3 27. Nd2 Bxa1 28. Rxa1 Qc2 29. Qe3 Rad8 30. Nc4 Nb2 31. Nxb2 Qxb2 32. Re1 Rd7 33. h4 Qc3 34. Qe4 Rfd8 35. Be5 Qxe1+ 0-1

[Event "Berlin Lichtenberger op 8th"]
[Site "Berlin"]
[Date "2009.08.22"]
[Round "8"]
[White "Sieglen, Joachim"]
[Black "Keil, Uwe"]
[Result "1-0"]
[WhiteElo "2339"]
[BlackElo "2141"]
[PlyCount "83"]
[EventDate "2009.08.15"]
[EventType "swiss"]
[EventRounds "9"]
[EventCountry "GER"]
[SourceTitle "CBM 131 Extra"]
[Source "ChessBase"]
[SourceDate "2009.09.03"]
[SourceVersion "2"]
[SourceVersionDate "2009.09.16"]
[SourceQuality "1"]

1. d4 Nf6 2. c4 c5 3. d5 g6 4. Nc3 d6 5. e4 Bg7 6. h3 0-0 7. Nf3 e6 8. Bd3 exd5 9. cxd5 a6 10. a4 Nbd7 11. 0-0 Qc7 12. Re1 Re8 13. Bf4 c4 14. Bf1 Rb8 15. a5 b5 16. axb6 Rxb6 17. Qc2 Nh5 18. Bh2 Rb4 19. Ra4 Qb6 20. Rxb4 Qxb4 21. Nd2 Nb6 22. Ra1 Bh6 23. Nf3 Bg7 24. Na4 Bd7 25. Nxb6 Qxb6 26. Qxc4 Qxb2 27. Rxa6 Nf6 28. Ra2 Qb1 29. Nd2 Qd1 30. Bxd6 Rc8 31. Qe2 Qc1 32. Be7 Nh5 33. Bg5 h6 34. Be3 Qc3 35. Qd3 Qb4 36. g3 Rc3 37. Qb1 Qd6 38. Nc4 Rxc4 39. Bxc4 Nxg3 40. Kg2 Nh5 41. Ra8+ Kh7 42. Qb8 1-0

[Event "Berlin Lichtenberger op 8th"]
[Site "Berlin"]
[Date "2009.08.19"]
[Round "5"]
[White "Keil, Uwe"]
[Black "Rietze, Clemens"]
[Result "1-0"]
[WhiteElo "2141"]
[BlackElo "2192"]
[PlyCount "117"]
[EventDate "2009.08.15"]
[EventType "swiss"]
[EventRounds "9"]
[EventCountry "GER"]
[SourceTitle "CBM 131 Extra"]
[Source "ChessBase"]
[SourceDate "2009.09.03"]
[SourceVersion "2"]
[SourceVersionDate "2009.09.16"]
[SourceQuality "1"]

1. c4 Nf6 2. Nc3 d5 3. cxd5 Nxd5 4. g3 g6 5. Bg2 Nb6 6. d3 Bg7 7. Nf3 Nc6 8. Be3 0-0 9. Qd2 e5 10. 0-0 Nd4 11. Rac1 Bg4 12. Rfe1 c6 13. Ne4 Nd5 14. Nxd4 exd4 15. Bh6 Re8 16. Bxg7 Kxg7 17. h3 Bc8 18. b4 a5 19. a3 axb4 20. axb4 Qb6 21. Rc4 Rd8 22. Qb2 Nc7 23. Nc5 Ne6 24. Ra1 Rxa1+ 25. Qxa1 f6 26. h4 Nxc5 27. bxc5 Qb3 28. Bf3 h5 29. Rxd4 Rxd4 30. Qxd4 Qd1+ 31. Kg2 Qc2 32. Qd6 Bg4 33. Qe7+ Kh6 34. Qf8+ Kh7 35. Qf7+ Kh6 36. Bxg4 hxg4 37. Qf8+ Kh7 38. Qe7+ Kh6 39. Qe3+ Kh7 40. Qe7+ Kh6 41. h5 gxh5 42. Qxf6+ Kh7 43. Qf5+ Kh6 44. Qf6+ Kh7 45. Qe7+ Kh6 46. f4 gxf3+ 47. Kxf3 Qb1 48. Qe3+ Kg6 49. Kf4 Qf1+ 50. Ke4 Qf5+ 51. Kd4 Qd5+ 52. Kc3 Qd8 53. Qe4+ Kh6 54. Qf4+ Kh7 55. Qf7+ Kh6 56. Qxb7 Qd5 57. Qe7 Qg2 58. Qe3+ Kh7 59. Qe4+ 1-0

[Event "Berlin Lichtenberger op 8th"]
[Site "Berlin"]
[Date "2009.08.16"]
[Round "2"]
[White "Keil, Uwe"]
[Black "Kalinitschew, Sergey"]
[Result "1/2-1/2"]
[WhiteElo "2141"]
[BlackElo "2488"]
[PlyCount "141"]
[EventDate "2009.08.15"]
[EventType "swiss"]
[EventRounds "9"]
[EventCountry "GER"]
[SourceTitle "CBM 131 Extra"]
[Source "ChessBase"]
[SourceDate "2009.09.03"]
[SourceVersion "2"]
[SourceVersionDate "2009.09.16"]
[SourceQuality "1"]

1. e4 c6 2. d4 d5 3. e5 c5 4. Nf3 Nc6 5. c3 Bg4 6. Be2 e6 7. 0-0 Bxf3 8. Bxf3 cxd4 9. cxd4 Nge7 10. Nc3 Nf5 11. Be3 Be7 12. Qd3 Qd7 13. a3 0-0 14. Bg4 Rad8 15. f4 g6 16. Bf2 f6 17. Bxf5 gxf5 18. Kh1 fxe5 19. fxe5 Kh8 20. Bg3 Rg8 21. Rf3 Rg6 22. Ne2 Rdg8 23. Nf4 Rg4 24. h3 R4g7 25. Raf1 Bd8 26. Bh2 Qe8 27. Rg3 Bg5 28. Qd1 Qf7 29. Nh5 Rg6 30. b4 a6 31. Rff3 Rh6 32. Rxg5 Rxg5 33. Nf6 Rxf6 34. exf6 Qxf6 35. Bf4 Rg6 36. Rd3 Kg8 37. Qd2 Kf7 38. a4 Rg8 39. b5 axb5 40. axb5 Ne7 41. Rc3 Rc8 42. Be5 Qh4 43. Rxc8 Nxc8 44. Qc1 Qd8 45. Qh6 Qg8 46. Qf6+ Ke8 47. Bf4 Kd7 48. Qe5 Qd8 49. Kg1 h5 50. Kf2 Qh4+ 51. Kf3 Qd8 52. h4 Qa5 53. Qg7+ Ne7 54. Bg5 Qc3+ 55. Kf2 Qb4 56. Bf6 Qd2+ 57. Kf3 Qd3+ 58. Kf2 Qd2+ 59. Kf3 Qc3+ 60. Kf2 Qb2+ 61. Kg1 Qc1+ 62. Kf2 Qd2+ 63. Kg1 Qc1+ 64. Kf2 Qd2+ 65. Kg1 Qe3+ 66. Kh1 Qc1+ 67. Kh2 Qf4+ 68. Kg1 Qe3+ 69. Kh2 Qf4+ 70. Kg1 Qc1+ 71. Kh2 1/2-1/2

[Event "Berlin Lichtenberger op 8th"]
[Site "Berlin"]
[Date "2009.08.15"]
[Round "1"]
[White "Keil, Uwe"]
[Black "Mildenberger, Hans"]
[Result "1-0"]
[WhiteElo "2141"]
[BlackElo "1628"]
[PlyCount "57"]
[EventDate "2009.08.15"]
[EventType "swiss"]
[EventRounds "9"]
[EventCountry "GER"]
[SourceTitle "CBM 131 Extra"]
[Source "ChessBase"]
[SourceDate "2009.09.03"]
[SourceVersion "2"]
[SourceVersionDate "2009.09.16"]
[SourceQuality "1"]

1. e4 e6 2. d4 d5 3. Nc3 Bb4 4. e5 c5 5. a3 Bxc3+ 6. bxc3 Nc6 7. Qg4 Qa5 8. Bd2 Nge7 9. Bd3 Qa4 10. Qxg7 Rg8 11. Qf6 Ng6 12. Nf3 cxd4 13. 0-0 dxc3 14. Bg5 Qa5 15. Bxg6 hxg6 16. Nd4 Qd8 17. Qxd8+ Nxd8 18. Nb5 Kd7 19. Rfd1 Nc6 20. Bf6 b6 21. Nxc3 Ba6 22. Ne4 Bc4 23. Nd6 Kc7 24. Nxc4 dxc4 25. Rd6 Rae8 26. Rad1 a5 27. Rd7+ Kc8 28. Rxf7 Rgf8 29. Rg7 1-0

[Event "Berlin Lichtenberger Sommer 3th"]
[Site "Berlin"]
[Date "2004.08.23"]
[Round "9.12"]
[White "Pueschel, Werner"]
[Black "Keil, Uwe"]
[Result "0-1"]
[WhiteElo "2122"]
[BlackElo "2014"]
[PlyCount "74"]
[EventDate "2004.08.14"]
[EventType "swiss"]
[EventRounds "9"]
[EventCountry "GER"]
[SourceTitle "EXT 2022"]
[Source "ChessBase"]
[SourceDate "2021.10.06"]
[SourceVersion "1"]
[SourceVersionDate "2021.10.06"]
[SourceQuality "1"]

1. Nf3 Nf6 2. g3 g6 3. b4 Bg7 4. Bb2 0-0 5. Bg2 d6 6. d3 e5 7. Nbd2 Nc6 8. a3 a5 9. b5 Ne7 10. 0-0 Rb8 11. Rb1 Bg4 12. c4 h6 13. Re1 b6 14. Qa4 Qd7 15. Nf1 Bh3 16. Bh1 Ng4 17. d4 e4 18. N3d2 f5 19. Qb3 Kh7 20. f3 a4 21. Qxa4 e3 22. Nb3 Bxf1 23. Rxf1 Nf2 24. Bg2 f4 25. gxf4 Rxf4 26. Qb4 Nh3+ 27. Kh1 Nf2+ 28. Kg1 Rh4 29. Qe1 d5 30. c5 bxc5 31. Nxc5 Qd6 32. Rxf2 Qxh2+ 33. Kf1 Nf5 34. Qc1 exf2 35. Kxf2 Qg3+ 36. Kg1 Rh2 37. Qf1 Ne3 0-1

[Event "Berlin Kreuzberg op 5th"]
[Site "Berlin"]
[Date "2004.06.29"]
[Round "4"]
[White "Keil, Uwe"]
[Black "Keskowski, Thilo"]
[Result "1-0"]
[WhiteElo "2023"]
[BlackElo "2160"]
[PlyCount "35"]
[EventDate "2004.06.26"]
[EventType "swiss"]
[EventRounds "9"]
[EventCountry "GER"]
[SourceTitle "EXT 2022"]
[Source "ChessBase"]
[SourceDate "2021.10.06"]
[SourceVersion "1"]
[SourceVersionDate "2021.10.06"]
[SourceQuality "1"]

1. d4 Nf6 2. c4 e6 3. g3 d5 4. Bg2 dxc4 5. Nf3 a6 6. 0-0 Bd7 7. Nc3 Bc6 8. e3 b5 9. a4 Nbd7 10. Qe2 Ne4 11. Rd1 Nxc3 12. bxc3 Be4 13. Ne5 Bxg2 14. Kxg2 Nb6 15. Qf3 f5 16. Qc6+ Ke7 17. e4 Kf6 18. Bg5+ 1-0

[Event "Berlin Lichtenberger Sommer 2nd"]
[Site "Berlin"]
[Date "2003.08.21"]
[Round "6.4"]
[White "Reichenbach, Werner"]
[Black "Keil, Uwe"]
[Result "1-0"]
[WhiteElo "2296"]
[BlackElo "2075"]
[PlyCount "23"]
[EventDate "2003.08.16"]
[EventType "swiss"]
[EventRounds "9"]
[EventCountry "GER"]
[SourceTitle "EXT 2022"]
[Source "ChessBase"]
[SourceDate "2021.10.06"]
[SourceVersion "1"]
[SourceVersionDate "2021.10.06"]
[SourceQuality "1"]

1. d4 Nf6 2. Bg5 c5 3. d5 Qb6 4. Nc3 Qxb2 5. Bd2 Qb6 6. e4 d6 7. f4 g6 8. e5 dxe5 9. fxe5 Ng4 10. Rb1 Qc7 11. Bb5+ Kd8 12. d6 1-0

[Event "Berlin Lichtenberger Sommer 2nd"]
[Site "Berlin"]
[Date "2003.08.19"]
[Round "4.24"]
[White "Kurbel, Horst Peter"]
[Black "Keil, Uwe"]
[Result "0-1"]
[WhiteElo "1710"]
[BlackElo "2075"]
[PlyCount "74"]
[EventDate "2003.08.16"]
[EventType "swiss"]
[EventRounds "9"]
[EventCountry "GER"]
[SourceTitle "EXT 2022"]
[Source "ChessBase"]
[SourceDate "2021.10.06"]
[SourceVersion "1"]
[SourceVersionDate "2021.10.06"]
[SourceQuality "1"]

1. d4 Nf6 2. c4 c5 3. d5 g6 4. Nc3 d6 5. Nf3 Bg7 6. h3 0-0 7. Bf4 a6 8. a4 Bf5 9. Nd2 Qa5 10. g4 Bc8 11. Bg2 Re8 12. 0-0 Ra7 13. Qc2 Qd8 14. Bg3 e5 15. e4 h5 16. f3 Bh6 17. Qd3 Nbd7 18. Bh4 Bf4 19. Ne2 g5 20. Nxf4 gxf4 21. gxh5 Qb6 22. b3 Kh7 23. Kh2 Nxh5 24. Rg1 Nf8 25. Bh1 Ng6 26. Bf2 Qd8 27. Nb1 Rg8 28. Nc3 b6 29. Nd1 Qf8 30. Be1 Ng3 31. Bxg3 fxg3+ 32. Rxg3 Nf4 33. Rxg8 Kxg8 34. Qe3 Qh6 35. Nf2 Bxh3 36. Nxh3 Qxh3+ 37. Kg1 f6 0-1

[Event "Berlin Lichtenberger Sommer 2nd"]
[Site "Berlin"]
[Date "2003.08.18"]
[Round "3.3"]
[White "Keil, Uwe"]
[Black "Stern, Rene"]
[Result "0-1"]
[WhiteElo "2075"]
[BlackElo "2483"]
[PlyCount "76"]
[EventDate "2003.08.16"]
[EventType "swiss"]
[EventRounds "9"]
[EventCountry "GER"]
[SourceTitle "EXT 2022"]
[Source "ChessBase"]
[SourceDate "2021.10.06"]
[SourceVersion "1"]
[SourceVersionDate "2021.10.06"]
[SourceQuality "1"]

1. d4 Nf6 2. c4 e6 3. Nf3 d5 4. g3 Bb4+ 5. Bd2 Be7 6. Bg2 0-0 7. 0-0 c6 8. b3 b6 9. Bc3 Nbd7 10. Nbd2 Bb7 11. Qc2 Rc8 12. Rad1 c5 13. e3 dxc4 14. bxc4 Rc7 15. e4 cxd4 16. Nxd4 Qa8 17. Nb5 Rcc8 18. a4 Nc5 19. f3 Rfd8 20. Nb1 Bc6 21. Be5 a6 22. N5c3 Qb7 23. g4 h6 24. Bg3 Rd7 25. Rxd7 Qxd7 26. Rd1 Qe8 27. e5 Nh7 28. f4 Bxa4 29. Nxa4 Qxa4 30. Qe2 Rd8 31. Rxd8+ Bxd8 32. Bf2 Be7 33. h4 Nf8 34. f5 Qb3 35. Nd2 Qc2 36. Bh3 Nb3 37. Be3 Bc5 38. Bxc5 bxc5 0-1

[Event "Berlin op 08"]
[Site "Berlin"]
[Date "2002.08.21"]
[Round "5"]
[White "Keil, Uwe"]
[Black "Daum, Norman"]
[Result "0-1"]
[WhiteElo "2115"]
[BlackElo "1972"]
[PlyCount "86"]
[EventDate "2002.08.17"]
[EventType "swiss"]
[EventRounds "9"]
[EventCountry "GER"]
[SourceTitle "EXT 2007"]
[Source "ChessBase"]
[SourceDate "2006.11.23"]
[SourceVersion "1"]
[SourceVersionDate "2006.11.23"]
[SourceQuality "1"]

1. d4 e6 2. c4 b6 3. Nf3 f5 4. g3 Bb7 5. Bg2 Nf6 6. 0-0 Be7 7. Nc3 0-0 8. Bg5 Ne4 9. Bxe7 Qxe7 10. Qc2 Nxc3 11. Qxc3 d6 12. e3 Nd7 13. Rfe1 Rf6 14. Rac1 Bxf3 15. Bxf3 Raf8 16. b4 g5 17. Bg2 h5 18. f4 Rg6 19. c5 d5 20. cxb6 Nxb6 21. Bf1 Rf7 22. Be2 Rh7 23. Kf2 h4 24. Rh1 Rhg7 25. Rcg1 gxf4 26. exf4 Nc8 27. Qc5 Nd6 28. Bf3 Qd7 29. Qxa7 Qb5 30. Qa3 Qc4 31. Qb2 Nb5 32. Ke3 c5 33. bxc5 Ra7 34. gxh4 Ra3+ 35. Qxa3 Qxd4+ 36. Ke2 Nxa3 37. Rxg6+ Kf7 38. Rhg1 Qc4+ 39. Ke1 Qxf4 40. R6g3 Nc2+ 41. Kd1 Ne3+ 42. Ke2 Qc4+ 43. Kf2 Qxh4 0-1

[Event "Berlin op 08"]
[Site "Berlin"]
[Date "2002.08.20"]
[Round "4"]
[White "Durth, Konrad"]
[Black "Keil, Uwe"]
[Result "0-1"]
[WhiteElo "1851"]
[BlackElo "2115"]
[PlyCount "84"]
[EventDate "2002.08.17"]
[EventType "swiss"]
[EventRounds "9"]
[EventCountry "GER"]
[SourceTitle "EXT 2007"]
[Source "ChessBase"]
[SourceDate "2006.11.23"]
[SourceVersion "1"]
[SourceVersionDate "2006.11.23"]
[SourceQuality "1"]

1. b3 e5 2. Bb2 d6 3. e3 Nf6 4. c4 g6 5. g3 Bg7 6. Bg2 0-0 7. Ne2 Nc6 8. 0-0 Bf5 9. d3 Qd7 10. Kh1 Rfe8 11. Nbc3 Bh3 12. Bxh3 Qxh3 13. Ng1 Qd7 14. a3 d5 15. Qc2 Rad8 16. Rad1 d4 17. Na4 b6 18. e4 Nh5 19. Bc1 Rf8 20. f3 f5 21. Nb2 Rf7 22. b4 Rdf8 23. Kg2 Nd8 24. Qa4 c6 25. Qb3 Kh8 26. Rde1 Ne6 27. Qd1 c5 28. Qa4 Qb7 29. b5 h6 30. Qc2 Kh7 31. a4 g5 32. exf5 Rxf5 33. g4 Nhf4+ 34. Bxf4 Rxf4 35. Re4 h5 36. h3 Qf7 37. Qe2 Rf6 38. Qd1 hxg4 39. Rxg4 Nf4+ 40. Kf2 Qh5 41. Ke1 Nxh3 42. Kd2 Qxg4 0-1

[Event "Berlin tt 0001"]
[Site "Berlin"]
[Date "2000.11.05"]
[Round "10.6"]
[White "Keil, Uwe"]
[Black "Feldmann, Guido"]
[Result "0-1"]
[WhiteElo "2105"]
[BlackElo "2006"]
[PlyCount "92"]
[EventDate "2000.10.22"]
[EventType "team"]
[EventRounds "11"]
[EventCountry "GER"]
[SourceTitle "EXT 2007"]
[Source "ChessBase"]
[SourceDate "2006.11.23"]
[SourceVersion "1"]
[SourceVersionDate "2006.11.23"]
[SourceQuality "1"]

1. Nf3 c5 2. c4 Nf6 3. g3 b6 4. Bg2 Bb7 5. 0-0 e6 6. b3 Be7 7. Bb2 0-0 8. d3 d6 9. Nbd2 Nbd7 10. e3 Qc7 11. Qe2 Rac8 12. Rfe1 Rfd8 13. e4 a6 14. Nh4 Ne8 15. Nhf3 Bf6 16. d4 cxd4 17. Nxd4 Ne5 18. f4 Nc6 19. Nxc6 Bxc6 20. Bxf6 Nxf6 21. Rac1 Qb7 22. g4 b5 23. g5 Nd7 24. Rc3 bxc4 25. bxc4 Nc5 26. Qh5 Qb2 27. Rh3 Qxd2 28. Rd1 Qc2 29. Qxh7+ Kf8 30. Re1 Qd2 31. Qh4 Qd4+ 32. Kh1 Bxe4 33. Bxe4 Nxe4 34. Rhe3 d5 35. cxd5 exd5 36. f5 Rc3 37. f6 Kg8 38. g6 Qxf6 39. Qh7+ Kf8 40. Qh8+ Ke7 41. Qh3 Rxe3 42. Qxe3 Qxg6 43. Rg1 Qf6 44. Qe2 Kf8 45. Rf1 Qe6 46. Qh5 Kg8 0-1

[Event "Berliner Sommer 13th"]
[Site "Berlin"]
[Date "1995.??.??"]
[Round "9"]
[White "Keil, Uwe"]
[Black "Heinig, Wolfram"]
[Result "1-0"]
[WhiteElo "1985"]
[BlackElo "2325"]
[PlyCount "111"]
[EventDate "1995.08.??"]
[EventType "swiss"]
[EventRounds "9"]
[EventCountry "GER"]
[SourceTitle "CBM 047 Extra"]
[Source "ChessBase"]
[SourceDate "1995.09.01"]
[SourceVersion "1"]
[SourceVersionDate "1995.09.01"]
[SourceQuality "1"]

1. g3 d5 2. Bg2 Nf6 3. d3 e5 4. Nd2 Bc5 5. Ngf3 e4 6. Ne5 Qe7 7. f4 exf3 8. Ndxf3 Nc6 9. Nxc6 bxc6 10. d4 Bd6 11. Bg5 Rb8 12. 0-0 Rxb2 13. Nh4 h6 14. Bxf6 gxf6 15. Qd3 Be6 16. e4 Kf8 17. exd5 cxd5 18. Rae1 c6 19. Bh3 Bxh3 20. Rxe7 Bxf1 21. Rxf7+ Kxf7 22. Qg6+ Ke6 23. Qf5+ Kf7 24. Kxf1 Rb7 25. Qg6+ Ke6 26. Qg4+ Kf7 27. Nf5 Bf8 28. Qh5+ Ke6 29. Qe8+ Kxf5 30. Qc8+ Ke4 31. Qxb7 Kxd4 32. Qxc6 Be7 33. Qe6 Bd8 34. Ke2 a5 35. a4 Kc5 36. Kd3 h5 37. Qf7 Kd6 38. c4 dxc4+ 39. Kxc4 h4 40. g4 h3 41. Qd5+ Ke7 42. Qb7+ Ke6 43. Qe4+ Kd6 44. Kb5 Rg8 45. Qd4+ Ke7 46. Kc6 Re8 47. g5 Kf8 48. g6 Re6+ 49. Kd7 Bb6 50. Qh4 Re7+ 51. Kc6 Re6+ 52. Kb7 f5 53. Qh8+ Ke7 54. g7 Bd4 55. Qf8+ Kd7 56. Qc8+ 1-0